Science and freedom; (Record no. 2494)
[ view plain ]
| 000 -LEADER | |
|---|---|
| fixed length control field | 00526cam a2200121 4500 |
| 050 ## - LIBRARY OF CONGRESS CALL NUMBER | |
| Classification Number | Q175 |
| Item Number | .I63 1953. |
| 245 10 - TITLE | |
| Title | Science and freedom; |
| Remainder of title | the proceedings of a conference convened by the Congress for Cultural Freedom and held in Hamburg on July 23rd-26th, 1953. |
| 260 ## - PUBLICATION, DISTRIBUTION, ETC.(IMPRINT) | |
| Place of publication, distribution, etc | [London] |
| Name of publisher, distributor, etc | Published for the Congress for Cultural Freedom by M. Secker & Warburg, |
| Date of publication, distribution, etc | 1955. |
| 300 ## - PHYSICAL DESCRIPTION | |
| Extent | 295 p. |
| 500 ## - GENERALNOTE | |
| General note | "Condensed record of the transactions of the Hamburg Congress on Science and Freedom." |
| 650 #0 - SUBJECT--TOPIC | |
| General subdivision | Philosophy. |
| 942 ## - ADDED ENTRY ELEMENTS(KOHA) | |
| Koha item type | General circulation |
| Source of classification or shelving scheme | Not for loan | Location (home branch) | Sublocation (holding branch) | Date accessioned | Cost, normal purchase price | Full call number | Barcode | Cost, replacement price | Koha item type |
|---|---|---|---|---|---|---|---|---|---|
| Library of Congress Classification | Main Campus Library | Main Campus Library | 29/08/2014 | 1500.00 | Q 175 .I63 1953. | 2019/022032 | 2000.00 | General circulation |